| 000 | 00941nam a2200217 i 4500 | ||
|---|---|---|---|
| 001 | 165378 | ||
| 003 | ES-MaACL | ||
| 005 | 20240412063009.0 | ||
| 008 | 020918s1865 sp |||| | spa d | ||
| 080 | _a347(460.18)"1505" | ||
| 100 | 1 |
_aSilvela, Luis, _d1841-1903 _9176140 |
|
| 245 | 1 | 0 | _aDiscurso leído por el licenciado Don Luis Silvela en el acto solemne de recibir la investidura de doctor en Derecho, sección de Derecho Civil y Canónico, en la Universidad Central. |
| 260 |
_aMadrid : _b[s.n.], _c1865 ( _fImp. de José M. Ducazcal) |
||
| 300 |
_a31 p. ; _c24 cm. |
||
| 594 | _aTema: La ley sexta de Toro. | ||
| 610 | 1 | 4 |
_aCastilla (Reino). _tLeyes de Toro, 1505. _9155910 |
| 650 | 4 |
_aDerecho civil- _zCastilla (Reino) _911658 |
|
| 710 | 2 |
_aUniversidad Central (Madrid). _bFacultad de Derecho. _97090 |
|
| 852 | 4 |
_aES-MaACL _jT-66-F-10 _z- Enc. hol. _z- Enc. en un vol. facticio |
|
| 999 |
_c165378 _d165378 |
||